000
00315nam a2200133Ia 4500
100
_a
Gray/ C.B
650
_a
Electrical
942
_c
BK
654
_a
electrical
245
_a
Electrical machines and drive system
260
_b
English language book society
_a
Singapore
_c
1990
300
_a
446
546
_a
ENGLISH
999
_c
24328
_d
24328